| 000 | 00502cam a2200169u 4500 | ||
|---|---|---|---|
| 082 |
_a515.63 _bMUN _cD |
||
| 100 | 1 |
_aHussain Munawar. _939312 |
|
| 245 | 0 | 0 |
_aElementary vector analysis, _cMunawar Hussain, Shiekh Muhammad Hafeez |
| 250 | _a3rd ed. | ||
| 260 |
_aLahore _bCaravan Book House _c1988. |
||
| 300 |
_a121 p. _bill. _c22 cm. |
||
| 526 |
_a0 _b0 _c0 _d515_630000000000000_MUN |
||
| 650 | 0 |
_aNUST _96342 |
|
| 650 | 0 |
_aVector analysis. _91184 |
|
| 700 |
_aMunawar Hussain _939308 |
||
| 942 |
_2ddc _cBK |
||
| 999 |
_c543813 _d543813 |
||